| 000 | 00632nam a2200217 a 4500 | ||
|---|---|---|---|
| 001 | 3113 | ||
| 003 | CDMR | ||
| 005 | 20130801111711.0 | ||
| 008 | 130130s2009||||||||||||||||||||||||||||d | ||
| 020 | _a9788495623843 | ||
| 040 |
_aCDMR _bcat _cCPC LLEIDA |
||
| 100 | 1 |
_aCaballero, José Luis _92270 |
|
| 245 | 1 | 0 |
_aPeriodistas o lacayos _cJosé Luis Caballero |
| 260 |
_aBarcelona _c2009 _bMeteora |
||
| 300 | _a374 p. | ||
| 490 | 0 |
_aCronos _v11 |
|
| 650 | 0 | 4 |
_9983 _aÈtica periodística _zEspanya |
| 650 | 0 | 4 |
_93542 _aMitjans de comunicació de massa _xInfluència _zEspanya |
| 650 | 0 | 4 |
_93219 _aPeriodisme _xObjectivitat |
| 942 |
_cMON _2udc |
||
| 999 |
_c3113 _d3113 |
||